000 00663nam a2200241 i 4500
001 C2-0292694
003 PPAK
005 20180728024702.0
008 090108s1990 nyu |||| ||||| | eng d
020 _a0940450585
040 _aPPAK
_beng
_cPPAK
_erda
082 0 4 _a973.82092
_223
090 0 0 _a973.82092
_bGRA
_dLCK
100 1 _aGrant, Ulysses S.,
_eauthor
245 1 0 _aMemoirs and selected letters
264 1 _aNew York :
_bThe Library of America ,
_c1990
300 _a1199 pages ;
_c21 cm
336 _2rdacontent
_atext
337 _2rdamedia
_aunmediated
338 _2rdacarrier
_avolume
650 1 0 _aUnited States - Biography
942 _ddc
_cB
999 _c97535
_d97535